Star Wars Ships - Statistics

General Stats
  • This quiz has been taken 20 times
  • The average score is 10 of 15
Answer Stats
Picture Answer % Correct
TIE Fighter
100%
X-Wing
100%
Death Star
94%
Imperial Star Destroyer
94%
Y-Wing
94%
A-Wing
82%
YT-1300
76%
TIE Interceptor
71%
TIE Advanced
65%
Firespray-class Patrol Vessel
53%
N-1 Royal Starfighter
53%
Actis-class Interceptor
29%
Consular-class Space Cruiser
18%
Lucrehulk-class LH-3210 Cargo Hauler
18%
C-9979 Landing Craft
6%
No matching quizzes found
Score Distribution
Percent of People with Each Score
Percentile by Number Answered
Your Score History
You have not taken this quiz